| 000 | 00000cam 2200000zi 4500 |
| 001 | 9.892310 |
| 003 | CaOODSP |
| 005 | 20260225074944 |
| 006 | m o d f |
| 007 | cr ||||||||||| |
| 008 | 201009m20212020quc o f000 0 fre d |
| 040 | |aCaOODSP|bfre|erda|cCaOODSP |
| 043 | |an-cn--- |
| 086 | 1 |aP29-003-023-2020F-PDF |
| 245 | 00|aCarburéacteur d'aviation (grades JET A et JET A-1). |
| 250 | |a[Édition de janvier 2021]. |
| 264 | 1|aGatineau (Québec) Canada : |bOffice des normes générales du Canada : |bConseil canadien des normes, |c2020, 2021. |
| 264 | 4|c©2020 |
| 300 | |a1 ressource en ligne (i, 19 pages). |
| 336 | |atexte|btxt|2rdacontent/fre |
| 337 | |ainformatique|bc|2rdamedia/fre |
| 338 | |aressource en ligne|bcr|2rdacarrier/fre |
| 490 | 1 |aNorme nationale du Canada ; |vCAN/CGSB-3.23-2020 |
| 500 | |a« Octobre 2020. » |
| 500 | |a« Rectificatif no. 1, Janvier 2021. » |
| 500 | |a« Expérience et excellence » -- Couverture. |
| 500 | |aRemplace CAN/CGSB-3.23-2019 et le rectificatif no 1 de mai 2019. |
| 500 | |aPublié aussi en anglais sous le titre : Aviation turbine fuel (grades JET A and JET A-1). |
| 520 | |a« La présente norme s'applique à deux grades de carburéacteur d'aviation de type kérosène (grades JET A et JET A-1) constitués d'hydrocarbures classiques, d'hydrocarbures synthétiques, de produits d'origine naturelle autres que des hydrocarbures de pétrole et des additifs indiqués dans la présente norme » -- Objet, page 1. |
| 650 | 6|aAvions à reaction|xCarburants|xNormes|zCanada. |
| 710 | 2 |aOffice des normes générales du Canada, |eorganisme de publication. |
| 710 | 2 |aConseil canadien des normes, |eorganisme de publication. |
| 775 | 08|tAviation turbine fuel (grades JET A and JET A-1).|w(CaOODSP)9.892307 |
| 794 | |tCarburéacteur d'aviation (grades JET A et JET A-1).|b[Édition d'octobre 2023]|w(CaOODSP)9.929654 |
| 795 | |tCarburéacteur d'aviation (grades JET A et JET A-1).|b[Édition de mai 2019]|w(CaOODSP)9.872041 |
| 830 | #0|aNorme nationale du Canada ;|vCAN/CGSB-3.23-2020.|w(CaOODSP)9.504227 |
| 856 | 40|qPDF|s1.68 Mo|uhttps://publications.gc.ca/collections/collection_2021/ongc-cgsb/P29-003-023-2020-1-fra.pdf|zNorme avec Rectificatif No 1 (Janvier 2021) |
| 986 | |aICS 75.160.20 |